000 00846nam a2200253Ia 4500
003 OSt
005 20220923223715.0
006 a|||||r|||| 00| 0
007 ta
008 220922b |||||||| |||| 00| 0 hin d
024 _a220,383
037 _cTextual
040 _aARTS
_cARTS
_bhin
041 _2hin
_ahin
082 _aO152,3N14:g, P4
100 _aसिंह, कुंवरपाल, संपा.
_9159453
245 0 _aयशपाल
_b पुनर्मूल्यांकन
246 _aYashapāla: punarmūlyāankana
260 _aदिल्ली
_b शिल्पायन
_c2004
300 _a564i`
_ccm.
650 _aहिन्दी साहित्य
_9156264
942 _hO152,3N14:g, P4
_cTEXL
_2CC
999 _c366856
_d366856